El estudio del arte (Record no. 359)

MARC details
000 -CABECERA
campo de control de longitud fija 00755nam a2200205 a 4500
001 - NÚMERO DE CONTROL
campo de control BRCA_424
005 - FECHA Y HORA DE LA ÚLTIMA TRANSACCIÓN
campo de control 20190320203014.0
008 - DATOS DE LONGITUD FIJA--INFORMACIÓN GENERAL
campo de control de longitud fija 921023s1991 mx-#---##b---#000-0#spa-#
020 ## - NÚMERO INTERNACIONAL ESTÁNDAR DEL LIBRO
Número Internacional Estándar del Libro 9688590592
040 ## - FUENTE DE LA CATALOGACIÓN
Centro catalogador/agencia de origen DLC
Centro/agencia transcriptor DLC
050 #4 - SIGNATURA TOPOGRÁFICA DE LA BIBLIOTECA DEL CONGRESO
Número de clasificación N85
Número de documento/Ítem .E84 1991
245 10 - MENCIÓN DE TÍTULO
Título El estudio del arte
Mención de responsabilidad, etc. [Coordinador Fernando Delmar].
260 ## - PUBLICACIÓN, DISTRIBUCIÓN, ETC.
Lugar de publicación, distribución, etc. [México]
Nombre del editor, distribuidor, etc. Universidad Iberoamericana, Departamento de Arte
Fecha de publicación, distribución, etc. [1991]
300 ## - DESCRIPCIÓN FÍSICA
Extensión 84 p.
Dimensiones 22 cm.
500 ## - NOTA GENERAL
Nota general Memorias del foro ´El estudio del arte y sus posibilidades actuales´. Universidad Iberoamericana (Ciudad de México), febrero 1990
504 ## - NOTA DE BIBLIOGRAFÍA, ETC.
Nota de bibliografía, etc. Bibliografía : p. 73-74
650 14 - PUNTO DE ACCESO ADICIONAL DE MATERIA--TÉRMINO DE MATERIA
Término de materia o nombre geográfico como elemento de entrada Arte
Subdivisión de forma Discursos, ensayos y conferencias
Subdivisión general Estudio y enseñanza
9 (RLIN) 1446
700 1# - PUNTO DE ACCESO ADICIONAL--NOMBRE DE PERSONA
Nombre de persona Delmar, Fernando
9 (RLIN) 1447
942 ## - ELEMENTOS DE PUNTO DE ACCESO ADICIONAL (KOHA)
Fuente del sistema de clasificación o colocación Library of Congress Classification
Tipo de ítem Koha Libros
Holdings
Estado de retiro Estado de pérdida Estado dañado No para préstamo Localización permanente Ubicación/localización actual Fecha de adquisición Total de préstamos Signatura topográfica completa Código de barras Fecha visto por última vez Precio válido a partir de Tipo de ítem Koha
El ejemplar forma parte de la colección y puede ser consultado según las políticas vigentes.       Biblioteca del Museo Franz Mayer (Rogerio Casas-Alatriste) Biblioteca del Museo Franz Mayer (Rogerio Casas-Alatriste) 25/06/2008   N85 .E84 1991 00723 22/03/2019 22/03/2019 Libros